|
|
|
|
| LEADER |
00000nam2a2200000 4500 |
| 001 |
316186 |
| 005 |
20231102002842.0 |
| 010 |
|
|
|a 9785000911051
|
| 035 |
|
|
|a (RuTPU)RU\TPU\book\341624
|
| 090 |
|
|
|a 316186
|
| 100 |
|
|
|a 20160316d1979 m y0rusy50 ca
|
| 101 |
0 |
|
|a rus
|
| 102 |
|
|
|a RU
|
| 105 |
|
|
|a a z 000zy
|
| 200 |
0 |
|
|a Вып. 10
|
| 210 |
|
|
|d 1979
|
| 215 |
|
|
|a 112 с.
|c ил.
|
| 461 |
|
1 |
|0 (RuTPU)RU\TPU\book\218920
|t Атеистические чтения
|o [сборник статей]
|v Вып. 10
|d 1966-1991
|
| 606 |
1 |
|
|a Атеистические чтения
|2 stltpush
|3 (RuTPU)RU\TPU\subj\29609
|9 52898
|
| 610 |
1 |
|
|a религия
|
| 610 |
1 |
|
|a атеизм
|
| 610 |
1 |
|
|a страны мира
|
| 610 |
1 |
|
|a вера
|
| 610 |
1 |
|
|a боги
|
| 686 |
|
|
|a Э162
|v LBC/SL-A
|2 rubbk
|
| 801 |
|
1 |
|a RU
|b 63413507
|c 20160316
|
| 801 |
|
2 |
|a RU
|b 63413507
|c 20220516
|g RCR
|
| 942 |
|
|
|c BK
|